[Event "ch-RUS Blitz 2017"]
[Site "Sochi RUS"]
[Date "2017.10.02"]
[Round "4.10"]
[White "Popov, Mikhail"]
[Black "Alekseev, Evgeny"]
[Result "0-1"]
[WhiteTitle "FM"]
[BlackTitle "GM"]
[WhiteElo "2416"]
[BlackElo "2622"]
[WhiteFideId "4146182"]
[BlackFideId "4138147"]
[EventDate "2017.10.02"]
[EventType "blitz"]

1. d4 Nf6 2. Bf4 d5 3. e3 c5 4. Nf3 Nc6 5. Nbd2 Bg4 6. Be2 e6 7. Ne5 Bxe2 8.
Qxe2 Qb6 9. dxc5 Bxc5 10. Nd3 Be7 11. O-O O-O 12. c3 Rad8 13. Rfd1 Rfe8 14. e4
Qa6 15. e5 Nd7 16. Qe3 b5 17. a3 Na5 18. Qg3 Nc4 19. Nxc4 bxc4 20. Nb4 Qb7 21.
Rab1 Nc5 22. Nc2 Nd3 23. Bh6 Bf8 24. Nd4 Qc7 25. Bf4 Rb8 26. h4 Kh8 27. h5 h6
28. Rxd3 cxd3 29. Qxd3 Qc4 30. Qe3 Qa2 31. Qc1 Qc4 32. Qd2 Rec8 33. Re1 Rb7 34.
Re3 Rcb8 35. b3 Qc8 36. Rg3 Rxb3 37. Nxb3 Rxb3 38. Bxh6 gxh6 39. Qf4 Bg7 40.
Qxf7 Qg8 41. Qc7 Rxa3 42. Rg6 a5 43. Qc5 Ra1+ 44. Kh2 Bxe5+ 45. g3 Bg7 46. Qe3
Qf7 47. Rxe6 Ra2 48. Re8+ Bf8 49. Qd4+ Kg8 50. Qg4+ Kh7 51. Qg6+ Qxg6 52. hxg6+
Kg7 53. Kg2 Bc5 0-1

[Event "ch-RUS Blitz 2017"]
[Site "Sochi RUS"]
[Date "2017.10.02"]
[Round "4.11"]
[White "Korotylev, Alexey"]
[Black "Vastrukhin, Oleg"]
[Result "1-0"]
[WhiteTitle "GM"]
[WhiteElo "2573"]
[BlackElo "2386"]
[WhiteFideId "4119142"]
[BlackFideId "4192770"]
[EventDate "2017.10.02"]
[EventType "blitz"]

1. Nf3 g6 2. d4 Bg7 3. e4 c6 4. Nc3 d5 5. h3 dxe4 6. Nxe4 Nf6 7. Nxf6+ exf6 8.
Bd3 O-O 9. O-O Be6 10. Re1 a5 11. Bf4 Na6 12. c4 Nb4 13. Bf1 Bf5 14. Re2 Bd3 15.
Rd2 Bxf1 16. Qxf1 Qd7 17. a3 Na6 18. d5 Nc5 19. Rad1 Nb3 20. Rd3 Nc5 21. dxc6
Qxc6 22. Rd5 Ne6 23. Be3 a4 24. Rb5 Rfd8 25. Rdd5 Rdc8 26. Nd4 Nxd4 27. Bxd4
Qxc4 28. Rd8+ Bf8 29. Qxc4 Rxc4 30. Rxa8 Rxd4 31. Rxb7 Kg7 32. Raa7 Rd1+ 33. Kh2
Bd6+ 34. g3 Rd2 35. Rxf7+ Kh6 36. Kg1 Rxb2 1-0

[Event "ch-RUS Blitz 2017"]
[Site "Sochi RUS"]
[Date "2017.10.02"]
[Round "4.12"]
[White "Antonenko, Vladimir"]
[Black "Savchenko, Boris"]
[Result "0-1"]
[WhiteTitle "FM"]
[BlackTitle "GM"]
[WhiteElo "2330"]
[BlackElo "2581"]
[WhiteFideId "24159409"]
[BlackFideId "4147332"]
[EventDate "2017.10.02"]
[EventType "blitz"]

1. d4 Nf6 2. c4 g6 3. Nc3 d5 4. Bg5 Ne4 5. Bh4 Nxc3 6. bxc3 dxc4 7. e3 Be6 8.
Nf3 Bg7 9. Qb1 c5 10. Qxb7 Bd5 11. Qb5+ Nd7 12. Bxc4 Bxf3 13. gxf3 O-O 14. O-O
Rb8 15. Qa6 Nb6 16. Bb3 Qc7 17. Bg3 e5 18. Rad1 c4 19. Bc2 Nd5 20. Qa3 Rfd8 21.
Be4 Bf8 22. Qc1 Qa5 23. Bxd5 Ba3 24. Qc2 Rxd5 25. dxe5 Rbd8 26. Rd4 Bc5 27. Rxc4
Rd2 28. Qa4 Qb6 29. Bh4 Rb8 30. Re4 Qe6 31. Qc4 Rd5 32. Bg3 Rc8 33. Qe2 Rd7 34.
Ra4 Bb6 35. c4 h5 36. h4 Rcd8 37. Qc2 Rd2 38. Qe4 Re2 39. Ra3 Rdd2 40. Rc3 Kh7
41. c5 Ba5 42. Rc4 Rxa2 43. c6 Bc7 44. Qd4 Qh3 45. Qf4 f6 46. Re4 Kg8 47. Rc4
Bxe5 48. Qe4 Qxg3+ 0-1

[Event "ch-RUS Blitz 2017"]
[Site "Sochi RUS"]
[Date "2017.10.02"]
[Round "4.13"]
[White "Zvjaginsev, Vadim"]
[Black "Triapishko, Alexandr"]
[Result "1-0"]
[WhiteTitle "GM"]
[BlackTitle "IM"]
[WhiteElo "2643"]
[BlackElo "2500"]
[WhiteFideId "4113403"]
[BlackFideId "14122286"]
[EventDate "2017.10.02"]
[EventType "blitz"]

1. e4 e5 2. Nf3 Nc6 3. g3 Nf6 4. d3 Bc5 5. Bg2 d6 6. O-O O-O 7. c3 a6 8. b4 Ba7
9. a4 h6 10. Nbd2 Ne7 11. Nc4 Ng6 12. Be3 Be6 13. Bxa7 Bxc4 14. Be3 Be6 15. h3
d5 16. Qc2 Qd7 17. Kh2 Qc6 18. Rac1 Rad8 19. Nd2 d4 20. cxd4 Qxc2 21. Rxc2 exd4
22. Bf4 Nxf4 23. gxf4 c6 24. f5 Bc8 25. f4 g6 26. fxg6 fxg6 27. Bf3 Kh7 28. Nb3
Rf7 29. a5 Ne8 30. Bg4 Nc7 31. Nc5 Nb5 32. Rcf2 Nc3 33. f5 gxf5 34. Bxf5+ Bxf5
35. Rxf5 Rxf5 36. Rxf5 Kg6 37. h4 h5 38. Ne6 Rd6 39. Nf4+ Kg7 40. Nxh5+ Kg6 41.
Nf4+ Kg7 42. h5 Na2 43. e5 Rd7 44. e6 Re7 45. Kg3 Nxb4 46. Kg4 Nd5 47. Nxd5 cxd5
48. Rf7+ Rxf7 49. exf7 Kxf7 50. Kg5 Kg7 51. h6+ 1-0

[Event "ch-RUS Blitz 2017"]
[Site "Sochi RUS"]
[Date "2017.10.02"]
[Round "4.14"]
[White "Utnasunov, Alexander"]
[Black "Grachev, Boris"]
[Result "0-1"]
[BlackTitle "GM"]
[WhiteElo "2446"]
[BlackElo "2654"]
[WhiteFideId "4134524"]
[BlackFideId "4129199"]
[EventDate "2017.10.02"]
[EventType "blitz"]

1. d4 d5 2. c4 e6 3. Nc3 Nf6 4. cxd5 exd5 5. Bg5 c6 6. e3 Bf5 7. Qf3 Bg6 8. Bxf6
Qxf6 9. Qxf6 gxf6 10. Kd2 Nd7 11. Bd3 Nb6 12. b3 a5 13. Nge2 Nc8 14. h4 Nd6 15.
h5 Bxd3 16. Kxd3 Rg8 17. g3 f5 18. f3 Bh6 19. Rhg1 Kd7 20. Na4 Rae8 21. Nf4 Rg7
22. Rg2 f6 23. Nc5+ Kc8 24. Kd2 Rge7 25. Re1 b6 26. Ncd3 Kb7 27. Rge2 a4 28. Rc1
axb3 29. axb3 Nb5 30. Ke1 Rxe3 31. Rxe3 Rxe3+ 32. Kf2 Rxd3 33. Nxd3 Bxc1 34.
Nxc1 Nxd4 35. Ke3 Ne6 0-1

[Event "ch-RUS Blitz 2017"]
[Site "Sochi RUS"]
[Date "2017.10.02"]
[Round "4.15"]
[White "Timofeev, Artyom"]
[Black "Smagin, Sergey"]
[Result "1-0"]
[WhiteTitle "GM"]
[BlackTitle "GM"]
[WhiteElo "2549"]
[BlackElo "2551"]
[WhiteFideId "4140419"]
[BlackFideId "4100425"]
[EventDate "2017.10.02"]
[EventType "blitz"]

1. c4 e6 2. g3 d5 3. Bg2 Nf6 4. Nf3 a6 5. b3 c5 6. cxd5 Nxd5 7. Bb2 Nc6 8. O-O
Nf6 9. d4 Bd7 10. Nbd2 Rc8 11. Rc1 cxd4 12. Nxd4 Nxd4 13. Bxd4 b5 14. Rxc8 Qxc8
15. Qa1 Be7 16. Rc1 Qd8 17. Ne4 O-O 18. Nxf6+ Bxf6 19. Bxf6 Qxf6 20. Qxf6 gxf6
21. Rc7 Bc8 22. Be4 Rd8 23. g4 h6 24. Bd3 e5 25. h3 h5 26. gxh5 f5 27. f3 Be6
28. Kf2 Rd6 29. Kg3 Kg7 30. Ra7 Kh6 31. b4 f4+ 32. Kh4 Bxa2 33. Ra8 Be6 34. Rh8+
Kg7 35. Rh7+ Kg8 36. Rh6 Rd4 37. Rf6 Rxb4 38. h6 Ra4 39. h7+ Kg7 40. Rh6 Kh8 41.
Kg5 Ra1 42. Kf6 Rg1 43. Kxe5 b4 44. Rh4 b3 45. Rxf4 a5 46. Rd4 Rg5+ 47. Kd6 b2
48. Kc6 f5 49. Rd8+ Kxh7 50. Rb8 Rg6 51. Rxb2 Bc4+ 52. Kc5 Bxd3 53. exd3 Rg3 54.
Rf2 Rxh3 55. d4 Kg6 56. d5 Kf6 57. Kc6 Rh1 58. d6 Rc1+ 59. Kd7 a4 60. Ra2 Rc4
61. Kd8 f4 62. d7 Rd4 63. Re2 Kf7 64. Kc7 Rc4+ 65. Kd6 Rd4+ 66. Kc7 Rc4+ 67. Kb6
Rd4 68. Kc6 Rc4+ 69. Kd5 Rc1 70. Re8 Rd1+ 71. Kc6 Rc1+ 72. Kb5 1-0

[Event "ch-RUS Blitz 2017"]
[Site "Sochi RUS"]
[Date "2017.10.02"]
[Round "4.16"]
[White "Gubsky, Egor"]
[Black "Popov, Ivan RUS"]
[Result "0-1"]
[WhiteTitle "FM"]
[BlackTitle "GM"]
[WhiteElo "2303"]
[BlackElo "2599"]
[WhiteFideId "4194055"]
[BlackFideId "4170350"]
[EventDate "2017.10.02"]
[EventType "blitz"]

1. d4 Nf6 2. c4 e6 3. Nf3 d5 4. Nc3 dxc4 5. e3 a6 6. Bxc4 b5 7. Bd3 Bb7 8. O-O
Nbd7 9. Qe2 c5 10. Rd1 cxd4 11. Nxd4 Bc5 12. Nb3 Ba7 13. a4 b4 14. Nb1 O-O 15.
Bxa6 Bxa6 16. Qxa6 Bxe3 17. Qe2 Bxc1 18. Nxc1 Nd5 19. Nd3 Qf6 20. Nxb4 Nf4 21.
Qc2 Rfc8 22. Nc3 Ne5 23. Qe4 Rab8 24. Rd4 Nf3+ 25. gxf3 Qg5+ 26. Kf1 Qg2+ 27.
Ke1 Qg1+ 28. Kd2 Qxa1 29. Nc2 Qxb2 30. Nd1 Rxc2+ 0-1

[Event "ch-RUS Blitz 2017"]
[Site "Sochi RUS"]
[Date "2017.10.02"]
[Round "4.17"]
[White "Rakhmanov, Aleksandr"]
[Black "Zakaryan, David"]
[Result "1-0"]
[WhiteTitle "GM"]
[BlackTitle "FM"]
[WhiteElo "2669"]
[BlackElo "2293"]
[WhiteFideId "4173708"]
[BlackFideId "24101923"]
[EventDate "2017.10.02"]
[EventType "blitz"]

1. c4 e5 2. Nf3 Nc6 3. d4 exd4 4. Nxd4 Nf6 5. Nxc6 bxc6 6. g3 d5 7. Bg2 Be7 8.
O-O O-O 9. cxd5 cxd5 10. Nc3 Be6 11. Bg5 Rb8 12. Na4 c5 13. Bxf6 Bxf6 14. Nxc5
Rxb2 15. Nd3 Rb5 16. Rc1 Qa5 17. a4 Rbb8 18. Rc5 Qa6 19. Bxd5 Bd4 20. Bxe6 Bxc5
21. Nxc5 Qc6 22. Qd5 Rbc8 23. Nd7 Qxd5 24. Bxd5 Rfd8 25. Bf3 Rxd7 26. Bg4 Rcd8
27. Bxd7 Rxd7 28. Rc1 g6 29. Rc6 Kg7 30. Kg2 h5 31. h3 g5 32. a5 f6 33. g4 hxg4
34. hxg4 Kg6 35. e3 Rb7 36. Kf3 Rb5 37. Ra6 Rb7 38. Kg3 Re7 39. Rc6 Re5 40. Ra6
Re7 41. Kg2 Rb7 42. Kf3 Re7 43. Ke2 Rd7 44. f4 gxf4 45. exf4 Kf7 46. Ke3 Rb7 47.
Kf3 Re7 48. Kg3 Kg7 49. Kh4 Rb7 50. Kh5 Rc7 51. f5 Rd7 52. Rc6 Re7 53. a6 Rd7
54. g5 fxg5 55. Kxg5 Rf7 56. Rc8 Rd7 57. Rb8 Rd1 58. Rb7+ Kf8 59. Rxa7 Ra1 60.
Kg6 Ke8 61. Ra8+ Ke7 62. f6+ Ke6 63. Re8+ Kd7 64. f7 1-0

[Event "ch-RUS Blitz 2017"]
[Site "Sochi RUS"]
[Date "2017.10.02"]
[Round "4.18"]
[White "Nazaretyan, Tigran"]
[Black "Jakovenko, Dmitry"]
[Result "1/2-1/2"]
[BlackTitle "GM"]
[WhiteElo "2303"]
[BlackElo "2710"]
[WhiteFideId "24162345"]
[BlackFideId "4122356"]
[EventDate "2017.10.02"]
[EventType "blitz"]

1. d4 Nf6 2. c4 e6 3. Nc3 Bb4 4. e3 O-O 5. Bd3 d5 6. Nf3 b6 7. O-O Bb7 8. cxd5
exd5 9. a3 Bd6 10. b4 a6 11. Qb3 Re8 12. a4 Nc6 13. Ba3 a5 14. Bb5 axb4 15. Bxc6
Bxc6 16. Bxb4 Bxb4 17. Qxb4 Ra5 18. Ne5 Bb7 19. Rab1 Nd7 20. Nxd7 Qxd7 21. Rfc1
Bc6 22. Nb5 Rea8 23. Qc3 Bxb5 24. axb5 Rxb5 25. Rxb5 Qxb5 26. Qxc7 h6 27. g3 Qb2
28. Rc6 Qb1+ 29. Rc1 Qb2 30. Rc6 b5 31. Kg2 b4 32. Qb7 Re8 33. Rb6 Qc2 34. Rxb4
Rxe3 35. Qxd5 Re8 36. Rb7 Qg6 37. Qf3 Rd8 38. d5 h5 39. h4 Rf8 40. Rc7 Rd8 41.
Rc6 Qg4 42. d6 Qe6 43. Qxh5 Rxd6 44. Rxd6 Qxd6 45. Qf3 g6 46. g4 Qe5 47. Qa8+
Kg7 48. Qf3 Qd4 49. Kg3 Qe5+ 50. Qf4 Qc3+ 51. Qe3 Qc7+ 52. f4 Qc2 53. Qe5+ Kg8
54. Qe8+ Kg7 55. Qe5+ Kg8 56. Qe3 Qd1 57. f5 gxf5 58. Qg5+ Kf8 59. gxf5 Qg1+ 60.
Kf4 Qc1+ 61. Kf3 Qf1+ 62. Kg3 Qg1+ 63. Kf4 Qc1+ 64. Ke4 Qe1+ 65. Kf3 Qf1+ 66.
Kg4 Qd1+ 67. Kh3 Qh1+ 68. Kg3 Qg1+ 69. Kf3 Qf1+ 70. Ke3 Qe1+ 71. Kd3 Qd1+ 72.
Kc3 Qe1+ 73. Kd4 Qd1+ 74. Ke5 Qe2+ 75. Kd4 Qd1+ 76. Kc3 Qe1+ 77. Kb2 Qe2+ 78.
Kc1 Qe1+ 79. Kc2 Qe2+ 80. Kc3 Qe1+ 81. Kc4 Qe2+ 82. Kc5 Qc2+ 1/2-1/2

[Event "ch-RUS Blitz 2017"]
[Site "Sochi RUS"]
[Date "2017.10.02"]
[Round "4.19"]
[White "Alekseenko, Kirill"]
[Black "Savitskiy, Sergey"]
[Result "0-1"]
[WhiteTitle "GM"]
[BlackTitle "IM"]
[WhiteElo "2563"]
[BlackElo "2412"]
[WhiteFideId "4135539"]
[BlackFideId "24105660"]
[EventDate "2017.10.02"]
[EventType "blitz"]

1. e4 c5 2. Nc3 e6 3. Nf3 Nc6 4. d4 cxd4 5. Nxd4 d6 6. Be2 Nf6 7. Be3 Be7 8. O-O
O-O 9. a4 a6 10. f4 Qc7 11. Bf3 Rb8 12. g4 Nxd4 13. Bxd4 e5 14. Ba7 Ra8 15. Be3
exf4 16. Bd4 Be6 17. Qd2 Nd7 18. Qxf4 Bf6 19. Bxf6 Nxf6 20. Kh1 Nd7 21. Rad1 Ne5
22. Be2 Qb6 23. Rb1 Rac8 24. h3 Rc5 25. Kg2 Rfc8 26. Qe3 Qc7 27. Rfd1 Qe7 28.
Qg3 h6 29. Rd2 b5 30. axb5 axb5 31. Bxb5 Rb8 32. Be2 Ng6 33. Nd5 Bxd5 34. exd5
Rxc2 35. Rxc2 Qe4+ 36. Kf2 Qxc2 37. Qd3 Qc5+ 38. Kf1 Re8 39. b4 Qb6 40. Bf3 Nf4
41. Qd2 Nxh3 42. Kg2 Ng5 43. Re1 Ra8 44. Bd1 Rb8 45. Bc2 g6 46. Rb1 Re8 47. b5
Re5 48. Qd3 Kg7 49. Rf1 Qc5 50. Bb3 Re3 51. Qd1 Qc3 0-1

[Event "ch-RUS Blitz 2017"]
[Site "Sochi RUS"]
[Date "2017.10.02"]
[Round "4.20"]
[White "Sarana, Alexey"]
[Black "Selin, Vladimir"]
[Result "1-0"]
[WhiteTitle "GM"]
[WhiteElo "2541"]
[BlackElo "2322"]
[WhiteFideId "24133795"]
[BlackFideId "4168321"]
[EventDate "2017.10.02"]
[EventType "blitz"]

1. d4 d5 2. Nf3 Nf6 3. Bf4 e6 4. e3 Bd6 5. Bg3 c5 6. c3 Nc6 7. Nbd2 O-O 8. Bb5
a6 9. Bxc6 bxc6 10. Bxd6 Qxd6 11. Qa4 cxd4 12. cxd4 c5 13. Qa3 Nd7 14. Rc1 e5
15. dxe5 Nxe5 16. Nxe5 Qxe5 17. Rxc5 Qg5 18. g3 Bh3 19. f4 Qh6 20. Kf2 Rad8 21.
Nf3 Rfe8 22. Qc3 Bf5 23. Rc6 Qh5 24. h3 f6 25. Rc7 d4 26. Nxd4 Be4 27. Rh2 Kh8
28. Rc5 Qf7 29. b3 Ba8 30. Ke1 Qd7 31. Kd2 Be4 32. Kc1 Rc8 33. Kb2 Rxc5 34. Qxc5
Rc8 35. Qb6 Bb7 36. Rd2 Qf7 37. Qe6 Qf8 38. Qd7 Be4 39. Ne6 Qg8 40. Nxg7 a5 1-0

[Event "ch-RUS Blitz 2017"]
[Site "Sochi RUS"]
[Date "2017.10.02"]
[Round "4.21"]
[White "Hasangatin, Ramil"]
[Black "Palchun, Grigory"]
[Result "0-1"]
[WhiteTitle "GM"]
[WhiteElo "2496"]
[BlackElo "2441"]
[WhiteFideId "4122160"]
[BlackFideId "24147338"]
[EventDate "2017.10.02"]
[EventType "blitz"]

1. e4 e5 2. Nf3 Nc6 3. Bb5 a6 4. Ba4 d6 5. Bxc6+ bxc6 6. d4 exd4 7. Qxd4 c5 8.
Qe3 Be7 9. Nc3 Bb7 10. O-O Nf6 11. h3 O-O 12. b3 Re8 13. Bb2 Bf8 14. Rfe1 Nxe4
15. Qf4 Nxc3 16. Bxc3 Qd7 17. Nh2 Qc6 18. Qg3 h5 19. Nf3 Re4 20. Ng5 h4 21. Qh2
Rxe1+ 22. Rxe1 c4 23. b4 d5 24. a3 Bd6 25. Be5 Bxe5 26. Rxe5 f6 27. Re7 fxg5 28.
Qe5 Qf6 29. Qxc7 Bc6 30. a4 Rf8 31. f3 Bxa4 32. Qb7 d4 33. Qd5+ Kh8 34. Re6 Qf5
35. Re5 Qxc2 36. Rxg5 Qc1+ 37. Kh2 Qf4+ 38. Kh1 Be8 39. Rg4 Qf6 40. Qxc4 Bf7 41.
Qc5 Re8 42. Rxd4 Re1+ 43. Kh2 Qe5+ 44. Qxe5 Rxe5 45. Rxh4+ Kg8 46. Rd4 Rb5 47.
Rd6 Rxb4 48. Rxa6 Kh7 49. Rd6 Rb2 50. Rd4 Kg6 51. Rg4+ Kf6 52. Kg3 Be6 53. Rf4+
Ke7 54. Kh2 Bd5 55. Rg4 Kf6 56. h4 Be6 57. Rg5 Rb4 58. Kg3 Rc4 59. Ra5 Rc2 60.
Rg5 Rb2 61. Kh2 Bc4 62. Kg3 Bf1 63. Kh2 Bd3 64. Kg3 Bf5 65. Kh2 g6 66. Kg3 Ke5
67. Kh2 Kf4 68. Rg3 Bd3 69. Rg5 Ke3 70. h5 gxh5 71. Rxh5 Kf2 72. Rg5 Bf1 73. Kh3
Rb7 74. Kg4 Bxg2 75. f4 Bf3+ 76. Kf5 Ke3 77. Ke5 Rb5+ 78. Kf6 Rb6+ 79. Ke5 Rb5+
80. Kf6 Rb4 81. f5 Kf4 82. Rg6 Be4 83. Rg1 Rb6+ 84. Ke7 Kxf5 85. Kd7 Ke5 86.
Rg5+ Bf5+ 87. Kc7 Ra6 88. Rg1 Kd5 89. Rd1+ Ke5 90. Kb7 Rh6 91. Rd2 Be4+ 92. Kc7
Bd5 93. Re2+ Kd4 94. Re1 Kc5 95. Rc1+ Bc4 96. Kd7 Rh7+ 97. Ke8 Kd5 98. Rd1+ Kc6
99. Rc1 Kd5 100. Rd1+ Ke5 101. Re1+ Kd6 102. Kf8 Rf7+ 103. Ke8 Rg7 104. Kd8 Bd5
105. Re2 Rd7+ 106. Ke8 Rb7 107. Kf8 Rf7+ 108. Ke8 Rg7 109. Kd8 Rb7 110. Kc8 Ra7
111. Rb2 Rg7 112. Rb6+ Bc6 0-1

[Event "ch-RUS Blitz 2017"]
[Site "Sochi RUS"]
[Date "2017.10.02"]
[Round "4.22"]
[White "Novikov, Konstantin"]
[Black "Demidov, Mikhail"]
[Result "0-1"]
[BlackTitle "IM"]
[WhiteElo "2227"]
[BlackElo "2521"]
[WhiteFideId "24163554"]
[BlackFideId "4197143"]
[EventDate "2017.10.02"]
[EventType "blitz"]

1. e4 e6 2. d4 d5 3. e5 c5 4. c3 Ne7 5. Nf3 Nec6 6. Bd3 b6 7. Qe2 a5 8. O-O Ba6
9. Bb5 Qd7 10. a4 Bxb5 11. Qxb5 Na6 12. Qd3 Be7 13. Bg5 Bxg5 14. Nxg5 h6 15. Nf3
O-O 16. Nbd2 Rfc8 17. Rfe1 cxd4 18. Nxd4 Nc5 19. Qg3 Nxd4 20. cxd4 Nxa4 21. Qb3
b5 22. f4 Nb6 23. Nf3 b4 24. Qd3 a4 25. g4 a3 26. bxa3 Rc3 27. Qe2 Rcxa3 28.
Rab1 b3 29. Rec1 Nc4 30. Qg2 0-1

[Event "ch-RUS Blitz 2017"]
[Site "Sochi RUS"]
[Date "2017.10.02"]
[Round "4.23"]
[White "Levin, Evgeny A."]
[Black "Nechaev, Oleg"]
[Result "0-1"]
[WhiteTitle "GM"]
[BlackTitle "FM"]
[WhiteElo "2532"]
[BlackElo "2410"]
[WhiteFideId "4182596"]
[BlackFideId "24113409"]
[EventDate "2017.10.02"]
[EventType "blitz"]

1. d4 Nf6 2. c4 c5 3. d5 b5 4. cxb5 a6 5. bxa6 g6 6. Nc3 Bg7 7. Nf3 O-O 8. e4 d6
9. Be2 Bxa6 10. O-O Qb6 11. Re1 Nfd7 12. Bxa6 Nxa6 13. Re2 Rfb8 14. Bg5 Kf8 15.
h4 Nc7 16. Rc1 Nb5 17. Nxb5 Qxb5 18. b3 Ra3 19. Rcc2 Rba8 20. Qc1 R8a7 21. Bh6
f6 22. h5 Kf7 23. Qf4 Kg8 24. Bxg7 Kxg7 25. Qg4 Nf8 26. Nh4 Kf7 27. Kh2 Qd3 28.
Rcd2 Qc3 29. hxg6+ hxg6 30. e5 dxe5 31. d6 exd6 32. Rxd6 Rxa2 33. Rxa2 Rxa2 34.
Qe4 Qb4 35. Qxb4 cxb4 36. Nf3 Rb2 37. Rb6 0-1

[Event "ch-RUS Blitz 2017"]
[Site "Sochi RUS"]
[Date "2017.10.02"]
[Round "4.24"]
[White "Domogaev, Sergey"]
[Black "Yuffa, Daniil"]
[Result "1/2-1/2"]
[WhiteTitle "GM"]
[BlackTitle "GM"]
[WhiteElo "2408"]
[BlackElo "2527"]
[WhiteFideId "24103608"]
[BlackFideId "24131423"]
[EventDate "2017.10.02"]
[EventType "blitz"]

1. d4 Nf6 2. c4 e6 3. Nf3 Bb4+ 4. Bd2 Qe7 5. e3 O-O 6. Nc3 Bxc3 7. Bxc3 Ne4 8.
Qc2 Nxc3 9. Qxc3 d6 10. Be2 Nc6 11. O-O e5 12. d5 Nb8 13. b4 a5 14. a3 Na6 15.
Rac1 Bg4 16. Rfe1 f5 17. c5 axb4 18. axb4 f4 19. exf4 Rxf4 20. c6 Nxb4 21. cxb7
Rb8 22. Qxc7 Qxc7 23. Rxc7 Nxd5 24. Rc6 Rxb7 25. Rxd6 Nc3 26. Bc4+ Rxc4 27. Rd8+
Kf7 28. Nxe5+ Ke7 29. Rg8 Ne2+ 30. Kf1 Re4 31. Rxg7+ Kf8 32. Rxb7 Rxe5 33. f3
Be6 34. Rb4 Bf5 35. Rf4 Nxf4 36. Rxe5 Bd3+ 37. Kf2 Bg6 38. Ra5 Kg7 39. g3 Ne6
40. h4 h5 41. g4 Kf6 42. Ra6 Kf7 43. Kg3 Nd4 44. Rd6 Ne6 45. Rd7+ Kf8 46. Ra7
Bf7 47. Kf2 Bg6 48. Ke3 Ke8 49. Ra5 Kf7 50. f4 Bc2 51. f5 Ng7 52. Kf4 hxg4 53.
Kxg4 Bxf5+ 54. Rxf5+ Nxf5 1/2-1/2

[Event "ch-RUS Blitz 2017"]
[Site "Sochi RUS"]
[Date "2017.10.02"]
[Round "4.25"]
[White "Slavin, Alexey"]
[Black "Tsydypov, Zhamsaran"]
[Result "0-1"]
[WhiteTitle "IM"]
[BlackTitle "IM"]
[WhiteElo "2364"]
[BlackElo "2529"]
[WhiteFideId "24104388"]
[BlackFideId "4108566"]
[EventDate "2017.10.02"]
[EventType "blitz"]

1. d4 Nf6 2. Nf3 g6 3. c4 Bg7 4. Nc3 d5 5. cxd5 Nxd5 6. e4 Nxc3 7. bxc3 c5 8.
Rb1 O-O 9. Be2 Nc6 10. d5 Na5 11. O-O b6 12. c4 e6 13. Bg5 f6 14. Bd2 Nb7 15.
dxe6 Bxe6 16. Bf4 Na5 17. Qc2 Qe7 18. h3 Qf7 19. Rbc1 Rad8 20. Rfe1 Nc6 21. Bg3
Qb7 22. Qa4 Bf7 23. Bf1 Rfe8 24. a3 Re7 25. Rcd1 Rde8 26. Bd3 h6 27. Qb5 Na5 28.
e5 f5 29. h4 Be6 30. Bf4 Rd7 31. Bf1 Red8 32. Rxd7 Qxd7 33. Qa6 Nc6 34. Be2 Kh7
35. Rd1 Qc7 36. Rd6 Rxd6 37. exd6 Qd7 38. Qb5 Bf8 39. Ne5 Nxe5 40. Bxe5 Bg7 41.
f4 g5 42. hxg5 hxg5 43. g3 gxf4 44. gxf4 Qf7 45. Qc6 Bxe5 46. fxe5 Qg7+ 47. Qg2
Qxe5 48. Qh1+ Kg7 49. Qb7+ Kg6 50. Qg2+ Kf6 51. Qc6 Qd4+ 52. Kf1 f4 53. Qc7 Kf5
54. Qe7 Bxc4 55. Qh7+ Kg5 56. Qe7+ Kg6 57. Qe8+ Kg5 0-1

[Event "ch-RUS Blitz 2017"]
[Site "Sochi RUS"]
[Date "2017.10.02"]
[Round "4.26"]
[White "Novikov, Maxim"]
[Black "Murzin, Volodar"]
[Result "1-0"]
[WhiteTitle "GM"]
[BlackTitle "FM"]
[WhiteElo "2501"]
[BlackElo "2280"]
[WhiteFideId "4161289"]
[BlackFideId "44155573"]
[EventDate "2017.10.02"]
[EventType "blitz"]

1. e4 c5 2. Nf3 d6 3. c3 Nf6 4. h3 Nc6 5. Bd3 g6 6. Bc2 Bg7 7. d4 O-O 8. O-O
cxd4 9. cxd4 Nb4 10. Nc3 Nxc2 11. Qxc2 h6 12. Re1 Be6 13. Bf4 Rc8 14. Qd2 Kh7
15. d5 Bd7 16. e5 dxe5 17. Bxe5 a6 18. Rad1 Qa5 19. Qd4 Qc5 20. Qxc5 Rxc5 21.
Bd4 Ra5 22. Bb6 Rb5 23. Nxb5 Bxb5 24. Rxe7 Kg8 25. Rxb7 Re8 26. Nd4 Bc4 27. d6
Bd5 28. Ra7 Bxa2 29. d7 Nxd7 30. Rxd7 h5 31. Rd8 Rxd8 32. Bxd8 Kh7 33. Ba5 g5
34. Bc3 Kg6 35. Nf3 f6 36. Rd6 g4 37. hxg4 hxg4 38. Nd2 Bf7 39. Rxa6 1-0

[Event "ch-RUS Blitz 2017"]
[Site "Sochi RUS"]
[Date "2017.10.02"]
[Round "4.27"]
[White "Gabdushev, Ruslan"]
[Black "Kezin, Roman"]
[Result "0-1"]
[WhiteTitle "FM"]
[BlackTitle "FM"]
[WhiteElo "2292"]
[BlackElo "2455"]
[WhiteFideId "4137833"]
[BlackFideId "24124621"]
[EventDate "2017.10.02"]
[EventType "blitz"]

1. b3 Nf6 2. Bb2 g6 3. Bxf6 exf6 4. c4 f5 5. g3 Bg7 6. Nc3 O-O 7. Bg2 d6 8. Nh3
Re8 9. O-O Nd7 10. e3 Nf6 11. Rc1 c6 12. d3 Qe7 13. Nf4 Be6 14. b4 g5 15. Nh5
Nxh5 16. Qxh5 Rac8 17. a4 h6 18. b5 f4 19. Rfe1 fxe3 20. fxe3 Bf5 21. Ne4 d5 22.
Nf2 dxc4 23. dxc4 cxb5 24. axb5 Rc7 25. e4 Be6 26. Ng4 Qf8 27. e5 Bxc4 28. b6
axb6 29. Kh1 b5 30. Rcd1 Rce7 31. h4 Re6 32. Bxb7 gxh4 33. Qxh4 Rg6 34. Be4 Rg5
35. Kh2 Be6 36. Bf3 Bxg4 37. Bxg4 Bxe5 38. Rf1 Qb4 39. Kh3 Bg7 40. Rf3 Re4 41.
Rd8+ Bf8 42. Qxh6 Rexg4 43. Rxf8+ Qxf8 44. Qf6 Qg7 45. Qd8+ Kh7 46. Kg2 Rxg3+ 0-1

[Event "ch-RUS Blitz 2017"]
[Site "Sochi RUS"]
[Date "2017.10.02"]
[Round "4.28"]
[White "Bagdasarian, Semen"]
[Black "Potkin, Vladimir"]
[Result "0-1"]
[BlackTitle "GM"]
[WhiteElo "1898"]
[BlackElo "2574"]
[WhiteFideId "4101049"]
[BlackFideId "4131061"]
[EventDate "2017.10.02"]
[EventType "blitz"]

1. e4 c5 2. Nf3 e6 3. d4 cxd4 4. Nxd4 Nc6 5. Nc3 Qc7 6. Qd3 a6 7. Nxc6 Qxc6 8.
Qg3 b5 9. Bd3 Bb7 10. O-O h5 11. Be3 h4 12. Qg4 Nf6 13. Qf3 b4 14. Ne2 Nxe4 15.
Bxe4 Qxe4 16. Qxe4 Bxe4 17. c3 bxc3 18. Nxc3 Bc6 19. Rfd1 Rh5 20. Rac1 Rb8 21.
b3 Bb4 22. Ne2 Ra5 23. Nd4 Bd5 24. Rc2 f6 25. f3 g5 26. Rdc1 Ke7 27. Kf2 Bd6 28.
g3 hxg3+ 29. hxg3 Rh8 30. Kg2 g4 31. Rh1 gxf3+ 0-1

[Event "ch-RUS Blitz 2017"]
[Site "Sochi RUS"]
[Date "2017.10.02"]
[Round "5.1"]
[White "Andreikin, Dmitry"]
[Black "Rakhmanov, Aleksandr"]
[Result "1/2-1/2"]
[WhiteTitle "GM"]
[BlackTitle "GM"]
[WhiteElo "2708"]
[BlackElo "2669"]
[WhiteFideId "4158814"]
[BlackFideId "4173708"]
[EventDate "2017.10.02"]
[EventType "blitz"]

1. d4 Nf6 2. Bg5 Ne4 3. Bf4 d6 4. f3 Nf6 5. e4 e5 6. dxe5 Nh5 7. Be3 dxe5 8.
Qxd8+ Kxd8 9. Bc4 Ke8 10. Ne2 Nd7 11. g4 Nhf6 12. Ng3 Bc5 13. Bd2 g6 14. g5 Ng8
15. h4 Ne7 16. h5 Rf8 17. Nc3 a6 18. O-O-O Bd6 19. hxg6 hxg6 20. Nd5 Nxd5 21.
Bxd5 Ke7 22. Nf1 Nc5 23. Ne3 Ne6 24. Nc4 Rb8 25. Be3 Bd7 26. Rd3 Bb5 27. Nxd6
Bxd3 28. Nxb7 Be2 29. Na5 Rb5 30. Nc6+ Kd6 31. c4 Bxc4 32. Bxc4 Kxc6 33. Bxb5+
axb5 34. Kc2 Rd8 35. Rh7 Rd7 36. Rh8 Rd8 37. Rxd8 Nxd8 38. Kc3 Ne6 39. b3 Kb7
40. a4 Ka6 41. Kb4 bxa4 42. bxa4 Kb7 43. Kc4 c6 44. Bd2 Ka6 45. Be3 Kb7 46. Kb4
Ka6 47. Kb3 Ka5 48. Bd2+ Ka6 49. Kc4 Kb7 50. Be3 Ka6 51. Bd2 Kb7 52. Be3 Ka6 53.
Bd2 1/2-1/2